| 000 | 00693nam a2200229 a 4500 | ||
|---|---|---|---|
| 005 | 20260322212004.0 | ||
| 008 | data | ||
| 010 | _a98-089453 | ||
| 020 | _a0125642458 | ||
| 020 | _a9780125642453 | ||
| 040 | _aNLM | ||
| 096 | _aWM 29 .AA1 P974 2002 | ||
| 245 | 1 | 0 |
_aPsychiatric rehabilitation/ _cCarlos W. Pratt. |
| 260 |
_aSan Diego, Calif. _bAcademic Press, an imprint of Elsevier Science _cc2002 |
||
| 300 |
_axvi, 296 p. : _b ill. ; _c 25 cm. |
||
| 500 | _aFirst edition printed 1999. | ||
| 500 | _aIncludes bibliographical references and index. | ||
| 650 | 0 | 2 | _aCommunity Mental Health Services |
| 650 | 0 | 2 |
_aMentally Ill Persons _xrehabilitation |
| 700 | 1 | _aPratt, Carlos W. | |
| 001 | data | ||
| 999 |
_c49 _d49 |
||